| 000 | 00527nam a2200157Ia 4500 | ||
|---|---|---|---|
| 008 | 240126s9999 xx 000 0 und d | ||
| 041 | _aEnglish | ||
| 082 | _aPRIS07-1248 | ||
| 100 | _aSingh, Shaunaq Agarwal, Sumit Rao, Uday | ||
| 245 | 0 |
_aDistributed File Sharing using Bittorrent protocol electronic resource : Project Report] _bJayashree R |
|
| 260 |
_bPESIT, Dept. of IS, _aBangalore |
||
| 440 | _aNULL | ||
| 650 | _aInformation Science | ||
| 650 | _aSharing,using,Bittorrent,protocol,:,Project,Report] | ||
| 942 | _cPR | ||
| 999 |
_c256804 _d256804 |
||